000 00213 a2200109 4500
020 _a9780881139501
041 _aspa
100 _aMax Lucado
245 _aStanley la chinche apestosa
942 _cBK
952 _71
999 _c21524
_d21524